Statistiques concernant Mots commençant par "car"

Cliquez ici pour prendre le quiz!

Statistiques générales

  • Ce quiz a été pris 324 fois
  • Le résultat moyen est 9 sur 15

Statistiques - réponses

SynonymesMots mystères% Correct
Médecin du coeurCardiologue
86%
IntersectionCarrefour
83%
EssenceCarburant
77%
Camping-carCaravane
76%
Sauce italienneCarbonara
69%
FestivalCarnaval
69%
CahierCarnet
68%
RenneCaribou
56%
NavireCargo
54%
CollisionCarambolage
53%
Etui de flèchesCarquois
51%
BouteilleCarafe
45%
Conducteur d'enginCariste
36%
BouledogueCarlin
34%
Viande crueCarpaccio
33%

Distribution des résultats

Percentile par nombre de réponses

% des personnes avec chaque résultat

Votre développement - résultats

Vous n’avez pas pris ce quiz